LEADER 01001nam a2200229 i 4500 001 000000046056 003 CaOOAMICUS 005 20090727000000.0 008 090727s1958 xx u000 u spa u 013 $a17226 040 $aSeMil$bita 100 1 $aTena Garriga, Pedro .$0(OLS)http://semarc/name/22905 245 13$aLa palabra ekklesia :$bestudio histórico-teológico /$cpor Pedro Garriga Tena. 260 $aBarcelona :$bCasulleras,$c1958. 300 $a314 p. ;$c23 cm. 490 0 $aColectanea San Paciano. Serie teológica ;$v6. 650 4$aEcclesiologia.$0(OLS)http://semarc/subject/42996 830 0$aColectanea San Paciano. Serie teológica ;$v6.$0(OLS)http://semarc/title/28887 850 $aSeMil 852 $aSeMil$W1$xVenegono$y1$m2A III 161$j12211$B12211$CSeMilBibl$Z2$F12211 $81 996 $6245$aLa palabra ekklesia :$bestudio histórico-teológico$9(OLS)http://semarc/title/68705 996 $6260$aBarcelona :$bCasulleras$9(OLS)http://semarc/publisher/35593 LEADER 01208nam a2200277 i 4500 001 000000194969 003 CaOOAMICUS 005 20141217000000.0 008 141217s1943 it u000 u ita u 013 $a173630 040 $aSeMil$bita 245 14$aGli affreschi di Giotto nella cappella degli Scrovegni /$ctesto di Matteo Marangoni. 250 $a3. ed. 260 $aBergamo :$bIstituto Italiano d'Arti Grafiche,$c1943. 300 $a[4] p., 40 c. di tav. ;$c35 cm. 490 0 $aI grandi cicli artistici 500 $aFondo card. Giovanni Colombo. 650 4$aGiotto : di Bondone - Affreschi - Padova - Cappella degli Scrovegni.$0(OLS)http://semarc/subject/17109 700 1 $aMarangoni, Matteo.$0(OLS)http://semarc/name/41162 830 2$aI grandi cicli artistici.$0(OLS)http://semarc/title/42385 850 $aSeMil 852 $aSeMil$W1$xVenegono$y1$m3GC VIII 36$j145538$B145538$CSeMilBibl$Z2$F157116 $8B 941 1 $a3 961 $aLascito: Colombo Card. Giovanni 996 $6245$aGli affreschi di Giotto nella cappella degli Scrovegni$9(OLS)http://semarc/title/281176 996 $6260$aBergamo :$bIstituto Italiano d'Arti Grafiche$9(OLS)http://semarc/publisher/29676